000 00680nam a2200229Ia 4500
001 3231
003 GE_BSU
008 181216s||||||||xx |||||||||||||| ||und||
040 _cGE_BSU
080 _a656.225(035)
245 _aПеревозка грузов по железным дорогам.
245 _bСправочник.
245 _cПод. ред. Н.А Гундобина.
250 _a2-е изд. переаб. и доп.
260 _aМ.
260 _bТранспорт.
260 _c1978.
300 _a456 стр. с илл.
300 _eТабл.
653 _aПеревозка грузов по железным дорогам.
942 _cBK
999 _c37272
_d37272